Statistics for Roger Smith (American Dad!) Persona/Characters

Click here to take the quiz!

General Stats

  • This quiz has been taken 126 times
  • The average score is 4 of 21

Answer Stats

DiscriptionPersona% Correct
Pig-nosed Footloose actorKevin Bacon
76%
"Bond style" villainTearJerker
58%
Fake physiologist helping Stan on a bouncy castleDr. Penguin
56%
When Francine wants to teach Stan to shareClip Clop (the horse)
35%
Split-off persona of Roger when he felt sorry for a shop-keepSidney Huffman
29%
Isla Island leader after Stan accidently kills the real oneGeneral Juanito Pequeño
23%
Stan's poker buddyChilly
22%
Parody of "Dog the Bounty Hunter"Horse Renoir
17%
King of spring-breakScotch Bingington
15%
AT&T operator...Sholanda Dykes
15%
Stuck on a plane with Francine and HayleyStan Smith
15%
Private school student friends with the ObamasWinfry
13%
Journalist who ends up interrorgating StanParker Peters
11%
Steve's drunk uncle at thanksgivingUncle Kappy
8%
Runs for councilman of VirginiaRoy Rodgers McFreely
4%
Francine's talent agent that kills himselfSweeps McCullough
4%
Actress auditioning for a role in a western dramaBetty Bea Getty McClanahan
3%
Sleazy porn writer who tries to re-kick his career with SteveFreddy Underwood
3%
Paintball war reenactment turned extremeViet Cong
3%
When he marries a redneck and is hiding in the attic dancingCalypso Banana Puffy-Sleeves
2%
Superhero with a cape made with Francine's old dressThe Tender Vigalante
2%

Score Distribution

Percentile by Number Answered

Percent of People with Each Score

Your Score History

You have not taken this quiz